Um encontro com Fidel (Registo nº 199089)

Detalhes MARC
000 -Etiqueta do registo
Valores 00524nam 22001933 4500
010 ## - Número ISBN
ISBN 972-21-0423-3
021 ## - Número do Depósito Legal
Número 29767/89
100 ## - Dados gerais de processamento
Dados gerais 20251117d u||y0pory50 ba
200 ## - Titulo e menção de responsabilidade
Título próprio Um encontro com Fidel
Primeira menção de responsabilidade Gianni Minà
Outras menções de responsabilidade tradução Rogério Fernandes
210 ## - Publicação
Local de publicação Lisboa
Nome do editor Editorial Caminho
Data de publicação 1989
215 ## - Descrição física 
Paginação / Volumes 21 cm
Outras indicações físicas brochado
606 ## - Nome comum usado como assunto
ID Autoridade 1246
Palavra de ordem Política
675 ## - CDU
Notação 32
Edição PT
Língua por
700 ## - Autor principal (pessoa individual)
ID Autoridade 14989
Apelido Minà
Nome Gianni
801 ## - Fonte de origem
País PT
Agência BMMN
Regras de catalogação RPC
830 ## - Notas gerais do catalogador
Criado por Fernando
Indexado por Fernando
990 ## - Elementos KOHA
Tipo de documento Livro
Exemplares
Situação do levantamento Biblioteca de origem Código de barras Cota Permissão de empréstimo Tipo de documento Forma de aquisição
  Biblioteca Municipal de Montemor-o-Novo 27824 32 MIN|DEP   Livro Compra

Powered by Koha